| 000 | nam a22 7a 4500 | ||
|---|---|---|---|
| 999 |
_c21067 _d21067 |
||
| 008 | 170120b xxu||||| |||| 00| 0 eng d | ||
| 020 | _a9781285092546 | ||
| 050 | _aHF 5415 .L36 2014 | ||
| 100 |
_aLamb, Charles W. _d2014 |
||
| 245 |
_aMarketing 7/ _cCharles W. Lamb, Joseph F. Hair, Carl McDaniel. |
||
| 260 |
_aUSA: _bSouth western, Cengage learning, _c2014. |
||
| 300 |
_axiv, 386,(40)p.: _bill.; _c28cm. |
||
| 521 | _aIncludes index. | ||
| 650 | _aMarketing. | ||
| 700 | _aHair, Joseph F. | ||
| 700 | _aMcDaniel, Carl. | ||
| 942 |
_2lcc _cBOOKS _hHF 5415 .L36 2014 |
||